Tapasztalatok saját fejlesztésű e-learning rendszer akadálymentessé tételével kapcsolatban

Na katedre informatiky Obchodnej fakulty Ekonomickej univerzity v Bratislave sa vo vyučovacom procese využíva vlastný e-learning. Grafická úprava webovej stránky, bezbariérový prístup a využívanie .

Guardado en:
Detalles Bibliográficos
Autor principal: Pólya, Attila
Formato: Capítulo de libro
Lenguaje:húngaro
Materias:
Etiquetas: Agregar Etiqueta
Sin Etiquetas, Sea el primero en etiquetar este registro!

MARC

LEADER 00000naa$a2200000$$$4500
001 0094607
005 20240502083240.3
041 0 |a hun 
044 |a RO 
245 1 0 |a Tapasztalatok saját fejlesztésű e-learning rendszer akadálymentessé tételével kapcsolatban  |c Attila Pólya 
520 |a Na katedre informatiky Obchodnej fakulty Ekonomickej univerzity v Bratislave sa vo vyučovacom procese využíva vlastný e-learning. Grafická úprava webovej stránky, bezbariérový prístup a využívanie . 
610 2 0 |a vzdelávanie elektronické 
610 2 0 |a vzdelávanie vysokoškolské 
610 2 0 |a informatika 
610 2 0 |a univerzity 
100 1 |a Pólya, Attila